000 00668nam a2200205 i 4500
001 38023
003 ES-MaACL
005 20230906155701.0
007 t|
008 030224s1948 sp ||||1| spa d
100 1 _aCabrera, Alonso de.
_933275
245 1 0 _aAlonso de Cabrera
_b: antología /
_cAlonso de Cabrera ; selección de Luis Felipe Vivanvo.
260 _a[Madrid] :
_bEditora Nacional,
_c1948 (
_fUguina)
300 _a157 p. ;
_c17 cm.
490 1 _aBreviarios del pensamiento español
700 1 _aVivanvo, Luis Felipe.
_9115550
830 0 _aBreviarios del pensamiento español
_9180739
852 _aES-MaACL
_jC-4930
_bR.25505
999 _c38023
_d38023